000 00896nam a2200301Ia 4500
003 OSt
005 20220912150837.0
006 a|||||r|||| 00| 0
007 ta
008 220909b |||||||| |||| 00| 0 eng d
020 _a0000000000000 (hbk)
024 _a50725
037 _cReference Collections
040 _aCSL
_beng
_cCSL
041 _aeng
082 _aA:f, M6.1;1 M6.2;1
100 _aIndian National Science Academy
245 0 _aProfiles in scientific research: Contributions of the fellows
260 _aNew Delhi
_c1970
300 _axi,846-1561p.
_ccm. ill.
650 _a Animal sciences
650 _a Biochemistry and biophysics
650 _a Medical sciences
650 _a Plant sciences
650 _aPhysics
942 _hA:f, M6.1;1 M6.2;1
_cREF
_2CC
999 _c56037
_d56037